000 00686nam a2200217 i 4500
001 107961
003 ES-MaACL
005 20250829080505.0
007 t|
008 070103s1970 sp |||| | spa d
080 _a86-14"15/16"(082.2)
245 0 0 _aPoesía española del Siglo de Oro /
_cLuis Rosales.
260 _aMadrid :
_bSalvat,
_c1970.
300 _a194 p. ;
_c19 cm.
490 1 _aBiblioteca básica Salvat de Libros RTV ;
_v60
650 4 _aPoesías españolas-
_yS.XVI-XVII
_916219
700 1 _aRosales, Luis,
_d1910-1992
_999644
830 0 0 _aBiblioteca básica Salvat de libros RTV
_v60
_9185398
852 _aES-MaACL
_jE-2981
999 _c107961
_d107961